<?xml version="1.0" encoding="UTF-8"?>
<record
    xmlns:xsi="http://www.w3.org/2001/XMLSchema-instance"
    xsi:schemaLocation="http://www.loc.gov/MARC21/slim http://www.loc.gov/standards/marcxml/schema/MARC21slim.xsd"
    xmlns="http://www.loc.gov/MARC21/slim">

  <leader>01442nam a2200301 a 4500</leader>
  <datafield tag="999" ind1=" " ind2=" ">
    <subfield code="c">357762</subfield>
    <subfield code="d">357762</subfield>
  </datafield>
  <controlfield tag="001">270.008-SCh.it DIO</controlfield>
  <controlfield tag="003">CaOOAMICUS</controlfield>
  <controlfield tag="005">20180122100609.0</controlfield>
  <controlfield tag="008">080908s2008    it            001 0 ita d</controlfield>
  <datafield tag="020" ind1=" " ind2=" ">
    <subfield code="a">9788870946345</subfield>
  </datafield>
  <datafield tag="040" ind1=" " ind2=" ">
    <subfield code="a">PUG</subfield>
    <subfield code="b">ita</subfield>
    <subfield code="d">mv</subfield>
    <subfield code="c">IT-MiSPE</subfield>
  </datafield>
  <datafield tag="041" ind1="1" ind2=" ">
    <subfield code="a">ita</subfield>
    <subfield code="a">grc</subfield>
  </datafield>
  <datafield tag="084" ind1=" " ind2=" ">
    <subfield code="a">30 CT</subfield>
  </datafield>
  <datafield tag="084" ind1=" " ind2=" ">
    <subfield code="a">32 E</subfield>
  </datafield>
  <datafield tag="130" ind1="0" ind2=" ">
    <subfield code="a">Epistula ad Diognetum.</subfield>
    <subfield code="l">Greco e italiano.</subfield>
    <subfield code="9">56822</subfield>
  </datafield>
  <datafield tag="245" ind1="1" ind2="0">
    <subfield code="a">A Diogneto /</subfield>
    <subfield code="c">introduzione, testo critico e commento Henri Ir&#xE9;n&#xE9;e Marrou ; traduzione Maria Benedetta Artioli.</subfield>
  </datafield>
  <datafield tag="260" ind1=" " ind2=" ">
    <subfield code="a">Roma :</subfield>
    <subfield code="b">Edizioni San Clemente  ;</subfield>
    <subfield code="a">Bologna :</subfield>
    <subfield code="b">Edizioni Studio Domenicano,</subfield>
    <subfield code="c">2008.</subfield>
  </datafield>
  <datafield tag="300" ind1=" " ind2=" ">
    <subfield code="a">295 p. ;</subfield>
    <subfield code="c">20 cm</subfield>
  </datafield>
  <datafield tag="490" ind1="1" ind2=" ">
    <subfield code="a">Sources chr&#xE9;tiennes.</subfield>
    <subfield code="a">Edizione italiana ;</subfield>
    <subfield code="v">004</subfield>
  </datafield>
  <datafield tag="500" ind1=" " ind2=" ">
    <subfield code="a">Traduzione italiana con testo greco a fronte</subfield>
  </datafield>
  <datafield tag="504" ind1=" " ind2=" ">
    <subfield code="a">Bibliografia (pp. 43-45) e indici</subfield>
  </datafield>
  <datafield tag="655" ind1=" " ind2="7">
    <subfield code="a">Patrologia. Generalit&#xE0;</subfield>
    <subfield code="x">Collane - Varia.</subfield>
    <subfield code="2">local</subfield>
    <subfield code="9">56812</subfield>
  </datafield>
  <datafield tag="655" ind1=" " ind2="7">
    <subfield code="a">Patrologia greca</subfield>
    <subfield code="x">Padri apostolici</subfield>
    <subfield code="x">Simboli - Clemens PP. I, s., ca.30-ca.101 - Ignatius Antiochenus, s., ca.35-ca.108 - Polycarpus Smirnensis, s., ca.70-ca.156 - Hermas, sec. II - Papias Hierapolitanus, s., sec. II - Didach&#xE8; - Lettera di Barnaba.</subfield>
    <subfield code="2">local</subfield>
    <subfield code="9">56823</subfield>
  </datafield>
  <datafield tag="700" ind1="1" ind2=" ">
    <subfield code="a">Artioli, Maria Benedetta,</subfield>
    <subfield code="e">tr.</subfield>
    <subfield code="9">56824</subfield>
  </datafield>
  <datafield tag="700" ind1="1" ind2=" ">
    <subfield code="a">Marrou, Henri-Ir&#xE9;n&#xE9;e,</subfield>
    <subfield code="d">1904-1977,</subfield>
    <subfield code="e">ed.</subfield>
    <subfield code="9">56825</subfield>
  </datafield>
  <datafield tag="830" ind1=" " ind2="0">
    <subfield code="a">Sources chr&#xE9;tiennes.</subfield>
    <subfield code="p">Edizione italiana ;</subfield>
    <subfield code="v">004.</subfield>
    <subfield code="9">56826</subfield>
  </datafield>
  <datafield tag="942" ind1=" " ind2=" ">
    <subfield code="2">ddc</subfield>
    <subfield code="c">BK</subfield>
  </datafield>
  <datafield tag="952" ind1=" " ind2=" ">
    <subfield code="0">0</subfield>
    <subfield code="1">0</subfield>
    <subfield code="2">ddc</subfield>
    <subfield code="4">0</subfield>
    <subfield code="6">270_008000000000000_SCH_IT_DIO_23105</subfield>
    <subfield code="7">1</subfield>
    <subfield code="a">CINISELLO</subfield>
    <subfield code="b">CINISELLO</subfield>
    <subfield code="d">2018-01-22</subfield>
    <subfield code="l">0</subfield>
    <subfield code="o">270.008 SCh.it DIO (23105)</subfield>
    <subfield code="p">9788870946345</subfield>
    <subfield code="r">2018-01-22 00:00:00</subfield>
    <subfield code="w">2018-01-22</subfield>
    <subfield code="y">BK</subfield>
  </datafield>
</record>
